Van Dal Footwear Ltd v Ryman Ltd (Record no. 113105)
[ view plain ]
| 000 -LEADER | |
|---|---|
| fixed length control field | 01622cad a22002655a 4500 |
| 001 - CONTROL NUMBER | |
| control field | L154687 |
| 008 - FIXED-LENGTH DATA ELEMENTS--GENERAL INFORMATION | |
| fixed length control field | 120112e20091203xxk f 000 0 eng d |
| 035 ## - SYSTEM CONTROL NUMBER | |
| System control number | (Sirsi) u154687 |
| 041 0# - LANGUAGE CODE | |
| Language code of text/sound track or separate title | eng |
| 245 00 - TITLE STATEMENT | |
| Title | Van Dal Footwear Ltd v Ryman Ltd |
| Medium | [electronic resource] |
| 260 ## - PUBLICATION, DISTRIBUTION, ETC. | |
| Date of publication, distribution, etc. | 2009 |
| 520 ## - SUMMARY, ETC. | |
| Summary, etc. | [2009] EWCA Civ 1478, 3 December 2009. Appellant landlord V sued Respondent tenant R for a breach of its repairing obligations. The judge capped the damages for breach of the repairing covenant at approximately £48 500, which was the difference between the value of the fully repaired premises and the current value of the premises. He went on to conclude that R would have offered to take a new lease from the purchaser, which would have increased the current value of the premises by approximately 7.4 per cent. V appealed against the amount of damages awarded for the breach. "Held": appeal allowed. The judge was wrong to have taken into account the likelihood that a former tenant would take a new lease. The judge had valued the wrong thing and the 7.4% increase could not stand. |
| 590 ## - LOCAL NOTE (RLIN) | |
| Local note | KA |
| 650 24 - SUBJECT ADDED ENTRY--TOPICAL TERM | |
| Topical term or geographic name entry element | VAN DAL FOOTWEAR LTD V RYMAN LTD |
| 650 24 - SUBJECT ADDED ENTRY--TOPICAL TERM | |
| Topical term or geographic name entry element | LANDLORD AND TENANT ACT 1927 S18(1) |
| 650 24 - SUBJECT ADDED ENTRY--TOPICAL TERM | |
| Topical term or geographic name entry element | SMILEY V TOWNSHEND |
| 650 24 - SUBJECT ADDED ENTRY--TOPICAL TERM | |
| Topical term or geographic name entry element | JACQUIN V HOLLAND |
| 650 24 - SUBJECT ADDED ENTRY--TOPICAL TERM | |
| Topical term or geographic name entry element | HANSON V NEWMAN |
| 650 24 - SUBJECT ADDED ENTRY--TOPICAL TERM | |
| Topical term or geographic name entry element | INLAND REVENUE COMMISSIONERS V CLAY |
| 651 #4 - SUBJECT ADDED ENTRY--GEOGRAPHIC NAME | |
| Geographic name | England and Wales |
| Chronological subdivision | 1543- |
| 690 ## - LOCAL SUBJECT ADDED ENTRY--TOPICAL TERM (OCLC, RLIN) | |
| Topical term or geographic name as entry element | Commercial property |
| 9 (RLIN) | 6227 |
| 690 ## - LOCAL SUBJECT ADDED ENTRY--TOPICAL TERM (OCLC, RLIN) | |
| Topical term or geographic name as entry element | Landlord and tenant |
| 9 (RLIN) | 6252 |
| 856 40 - ELECTRONIC LOCATION AND ACCESS | |
| Uniform Resource Identifier | <a href="https://www.bailii.org/ew/cases/EWCA/Civ/2009/1478.html">https://www.bailii.org/ew/cases/EWCA/Civ/2009/1478.html</a> |
| Public note | View the law report free of charge at www.bailii.org |
| 942 ## - ADDED ENTRY ELEMENTS (KOHA) | |
| Suppress in OPAC | 0 |
| Withdrawn status | Lost status | Source of classification or shelving scheme | Damaged status | Not for loan | Home library | Current library | Shelving location | Date acquired | Total Checkouts | Full call number | Barcode | Date last seen | Copy number | Price effective from | Koha item type |
|---|---|---|---|---|---|---|---|---|---|---|---|---|---|---|---|
| Dewey Decimal Classification | Virtual | Virtual | Online | 12/01/2012 | ONLINE PUBLICATION | 154687-2001 | 06/08/2019 | 1 | 06/08/2019 | Law report |